| 000 | 00557nam a2200133Ia 4500 | ||
|---|---|---|---|
| 008 | 171212s9999 xx 000 0 und d | ||
| 020 | _a9781925021172 | ||
| 100 | _aSpurway John, | ||
| 245 |
_cSpurway John, _aMa`afu, prince of Tonga, chief of Fiji _bThe life and times of Fiji’s first Tui Lau |
||
| 260 |
_bANU E Press _c2015 |
||
| 650 | _aEnele Ma`afu`otu`itonga; Tonga -- Kings and rulers -- Biography; Tonga -- History; Fiji -- Kings and rulers -- Biography; Fiji -- History | ||
| 650 | _aHistory | ||
| 856 | _uhttp://www.jstor.org/stable/j.ctt15nmjvr | ||
| 999 |
_c351193 _d351193 |
||